000 00931nam a2200289 i 4500
001 000048179
003 DO-SdBNP
005 20230725140127.0
007 ta
008 140512s2016 dr 000 j spa d
020 _a9789945581799
040 _aDO-SdBNP
_bspa
_cBNPHU
_erda
082 4 _aPR863.44
_bF995m
_222
100 1 _aFuster Lavín, Ana María
_975628
_d1967-
_eautor
245 1 0 _aMariposas negras /
_cAna María Fuster Lavín.
264 _aSanto Domingo :
_bIsla Negra,
_c2016.
300 _a253 páginas ;
_c23 cm.
336 _2rdacontent
_atexto
_btxt
337 _2rdamedia
_asin mediación
_bn
338 _2rdacarrier
_avolumen
_bnc
500 _aIncluye datos biográficos de la autora en la solapa de la cubierta
590 _aInventariado, 2019/VM
650 4 _aNovela puertorriqueña
_91185
650 4 _aLiteratura puertorriqueña
910 _aValidado. Control de calidad MFF
942 _2ddc
_cLBS1
999 _c47667
_d47667